[Event "Titled Tuesday intern op 25th Jul Late"]
[Site "Chess.com INT"]
[Date "2023.07.25"]
[Round "9"]
[White "Haitin, Ilja"]
[Black "Winslow, Elliott C"]
[Result "1-0"]
[WhiteElo "2327"]
[BlackElo "2021"]
[PlyCount "85"]
[EventDate "2023.07.25"]
[EventType "swiss (blitz)"]
[EventRounds "11"]
[EventCountry "USA"]
[SourceTitle "EXT 2024"]
[Source "ChessBase"]
[SourceDate "2023.10.10"]
[SourceVersion "1"]
[SourceVersionDate "2023.10.10"]
[SourceQuality "1"]

1. Nf3 g6 2. e4 Bg7 3. d4 d6 4. c3 Nd7 5. Bd3 e5 6. 0-0 Ngf6 7. Nbd2 0-0 8. Re1 Qe7 9. dxe5 Nxe5 10. Nxe5 dxe5 11. Nc4 Bg4 12. Qb3 c6 13. h3 Be6 14. Qa3 Qxa3 15. Nxa3 Rfd8 16. Bc2 Bf8 17. Bg5 Kg7 18. Nb1 h6 19. Be3 b6 20. a4 c5 21. a5 b5 22. a6 Rd7 23. Nd2 Rad8 24. Nf3 Bd6 25. Red1 c4 26. Ra5 b4 27. Rb5 b3 28. Bb1 Bb8 29. Rxd7 Bxd7 30. Rxb8 Rxb8 31. Nxe5 Bb5 32. Bxa7 Ra8 33. Bd4 Rxa6 34. Ng4 Re6 35. Nxf6 Rxf6 36. f4 Bc6 37. Kf2 h5 38. g3 g5 39. Ke3 gxf4+ 40. gxf4 h4 41. f5 Bxe4 42. Bxe4 Kh6 43. Bxf6 1-0

[Event "Titled Tuesday intern op 25th Jul Late"]
[Site "Chess.com INT"]
[Date "2023.07.25"]
[Round "8"]
[White "Rian, Kapriaga"]
[Black "Winslow, Elliott C"]
[Result "0-1"]
[WhiteElo "2089"]
[BlackElo "2021"]
[PlyCount "80"]
[EventDate "2023.07.25"]
[EventType "swiss (blitz)"]
[EventRounds "11"]
[EventCountry "USA"]
[SourceTitle "EXT 2024"]
[Source "ChessBase"]
[SourceDate "2023.10.10"]
[SourceVersion "1"]
[SourceVersionDate "2023.10.10"]
[SourceQuality "1"]

1. d4 Nf6 2. Nf3 g6 3. c4 Bg7 4. Nc3 0-0 5. e4 d6 6. h3 e5 7. d5 a5 8. Be2 Na6 9. Be3 Nh5 10. g3 Qe8 11. Nd2 Nf6 12. Bg4 Nd7 13. Bxd7 Bxd7 14. g4 f5 15. gxf5 gxf5 16. f3 f4 17. Bf2 Bf6 18. Qe2 Kh8 19. 0-0-0 c5 20. dxc6 bxc6 21. Nb3 a4 22. Na1 Be7 23. a3 Qd8 24. c5 Nxc5 25. Bxc5 dxc5 26. h4 Qc7 27. Nc2 Be6 28. Ne1 c4 29. Nc2 Rfb8 30. Rh2 Rb3 31. Na1 Rxc3+ 32. bxc3 Bxa3+ 33. Kd2 Qb6 34. Rg2 Qb2+ 35. Nc2 Bc5 36. Ke1 Qxc3+ 37. Kf1 Bh3 38. Rd7 a3 39. Nxa3 Qxa3 40. Qc2 Qe3 0-1

[Event "Titled Tuesday intern op 25th Jul Late"]
[Site "Chess.com INT"]
[Date "2023.07.25"]
[Round "6"]
[White "Winslow, Elliott C"]
[Black "Kostiukov, Alexandr"]
[Result "1-0"]
[WhiteElo "2021"]
[BlackElo "2271"]
[PlyCount "55"]
[EventDate "2023.07.25"]
[EventType "swiss (blitz)"]
[EventRounds "11"]
[EventCountry "USA"]
[SourceTitle "EXT 2024"]
[Source "ChessBase"]
[SourceDate "2023.10.10"]
[SourceVersion "1"]
[SourceVersionDate "2023.10.10"]
[SourceQuality "1"]

1. e4 c5 2. Nf3 g6 3. c3 Bg7 4. d4 cxd4 5. cxd4 d5 6. e5 Nh6 7. Be2 0-0 8. h3 Nc6 9. Nc3 f6 10. exf6 exf6 11. 0-0 Be6 12. Bf4 g5 13. Bh2 Nf5 14. Qd2 Bf7 15. Rad1 h5 16. g4 hxg4 17. hxg4 Nd6 18. Ne1 f5 19. gxf5 Nxf5 20. Nf3 g4 21. Ne5 Nfxd4 22. Nxc6 bxc6 23. Bxg4 Qh4 24. Qf4 Qh8 25. Qg5 Ne6 26. Bxe6 Bxe6 27. Rfe1 Rae8 28. Be5 1-0

[Event "Titled Tuesday intern op 25th Jul Late"]
[Site "Chess.com INT"]
[Date "2023.07.25"]
[Round "3"]
[White "Winslow, Elliott C"]
[Black "Rios Escobar, Adan"]
[Result "0-1"]
[WhiteElo "2021"]
[BlackElo "2234"]
[PlyCount "74"]
[EventDate "2023.07.25"]
[EventType "swiss (blitz)"]
[EventRounds "11"]
[EventCountry "USA"]
[SourceTitle "EXT 2024"]
[Source "ChessBase"]
[SourceDate "2023.10.10"]
[SourceVersion "1"]
[SourceVersionDate "2023.10.10"]
[SourceQuality "1"]

1. e4 c5 2. Nf3 d6 3. d4 cxd4 4. Nxd4 Nf6 5. Nc3 a6 6. Be2 e5 7. Nb3 Be6 8. 0-0 Nbd7 9. a4 Rc8 10. f3 Be7 11. Nd5 Nxd5 12. exd5 Bf5 13. c4 0-0 14. Be3 Bg5 15. Qd2 Bxe3+ 16. Qxe3 Bg6 17. a5 f5 18. f4 Kh8 19. fxe5 Nxe5 20. Nd4 Re8 21. Ne6 Nxc4 22. Bxc4 Rxc4 23. Nxd8 Rxe3 24. Nxb7 Rc2 25. Rf2 Rxf2 26. Kxf2 Rd3 27. Rc1 h6 28. b4 Rxd5 29. Rc6 Rd4 30. b5 axb5 31. a6 Ra4 32. Nxd6 f4 33. Nxb5 Be4 34. Re6 Ra2+ 35. Ke1 Bxg2 36. a7 f3 37. Nd4 f2+ 0-1

[Event "Titled Tuesday intern op 14th Mar Late"]
[Site "Chess.com INT"]
[Date "2023.03.14"]
[Round "6"]
[White "Fule, Simon"]
[Black "Winslow, Elliott C"]
[Result "1-0"]
[WhiteElo "2208"]
[BlackElo "2082"]
[PlyCount "105"]
[EventDate "2023.03.14"]
[EventType "swiss (blitz)"]
[EventRounds "11"]
[EventCountry "USA"]
[SourceTitle "EXT 2024"]
[Source "ChessBase"]
[SourceDate "2023.10.10"]
[SourceVersion "1"]
[SourceVersionDate "2023.10.10"]
[SourceQuality "1"]

1. e4 c5 2. Nf3 d6 3. d4 cxd4 4. Nxd4 Nf6 5. Nc3 a6 6. f3 e5 7. Nb3 Be7 8. Be3 Be6 9. Qd2 h5 10. Be2 Nbd7 11. Nd5 Nxd5 12. exd5 Bf5 13. 0-0 Qc7 14. Na5 g6 15. c4 Kf8 16. b4 Kg7 17. Rac1 b6 18. Nc6 Bf6 19. h3 h4 20. Rfd1 Rhe8 21. c5 bxc5 22. bxc5 dxc5 23. Bxc5 Nxc5 24. Rxc5 Qb6 25. Qa5 Qxa5 26. Rxa5 e4 27. f4 e3 28. Rxa6 Rxa6 29. Bxa6 e2 30. Re1 Ra8 31. Bxe2 Rxa2 32. Bf3 Rd2 33. Rd1 Rxd1+ 34. Bxd1 Kf8 35. Kf2 Ke8 36. Ne5 Ke7 37. Ke3 g5 38. Bg4 Bxg4 39. Nxg4 gxf4+ 40. Kxf4 Bc3 41. Kf5 Kd6 42. Nh6 f6 43. Ng4 Ke7 44. d6+ Kxd6 45. Nxf6 Be1 46. Ng8 Kd7 47. Nh6 Ke7 48. Kg4 Kf6 49. Nf5 Kg6 50. Nxh4+ Kf6 51. Nf3 Bf2 52. h4 Kg6 53. Kf4 1-0

[Event "Titled Tuesday intern op 14th Mar Late"]
[Site "Chess.com INT"]
[Date "2023.03.14"]
[Round "1"]
[White "Thomforde Toates, Noah"]
[Black "Winslow, Elliott C"]
[Result "1-0"]
[WhiteElo "2124"]
[BlackElo "2082"]
[PlyCount "115"]
[EventDate "2023.03.14"]
[EventType "swiss (blitz)"]
[EventRounds "11"]
[EventCountry "USA"]
[SourceTitle "EXT 2024"]
[Source "ChessBase"]
[SourceDate "2023.10.10"]
[SourceVersion "1"]
[SourceVersionDate "2023.10.10"]
[SourceQuality "1"]

1. c4 g6 2. g3 Bg7 3. Bg2 e5 4. Nc3 d6 5. d3 f5 6. Nf3 Nf6 7. Rb1 Nc6 8. 0-0 0-0 9. Bg5 h6 10. Bxf6 Bxf6 11. Nd2 Ne7 12. b4 g5 13. e3 Kg7 14. Nd5 Ng6 15. f4 exf4 16. exf4 g4 17. Nb3 h5 18. Re1 h4 19. Qe2 c6 20. Nxf6 Qxf6 21. Qb2 h3 22. Bh1 Bd7 23. Qxf6+ Kxf6 24. c5 d5 25. Nd4 Rae8 26. Kf2 Rxe1 27. Kxe1 Re8+ 28. Kd2 Nf8 29. Nc2 Ne6 30. d4 Nc7 31. a4 a6 32. Ne1 Rb8 33. Nd3 b6 34. cxb6 Rxb6 35. Ne5 Be8 36. Rc1 a5 37. bxa5 Rb2+ 38. Kd3 Rxh2 39. Nxc6 Na6 40. Bxd5 Rb2 41. Bh1 Rb3+ 42. Kc4 Rxg3 43. Kb5 Nc7+ 44. Kb6 Na8+ 45. Kb7 Ra3 46. Kxa8 Rxa4 47. Kb7 g3 48. a6 g2 49. Bxg2 hxg2 50. Ne5 Ke6 51. Rg1 Kd5 52. Rxg2 Kxd4 53. Rg8 Bb5 54. a7 Ke4 55. a8Q Rxa8 56. Rxa8 Kxf4 57. Nf7 Ke3 58. Nd6 1-0

[Event "Titled Tuesday intern op 14th Mar Late"]
[Site "Chess.com INT"]
[Date "2023.03.14"]
[Round "11"]
[White "Todev, Simeon"]
[Black "Winslow, Elliott C"]
[Result "0-1"]
[WhiteElo "2119"]
[BlackElo "2082"]
[PlyCount "101"]
[EventDate "2023.03.14"]
[EventType "swiss (blitz)"]
[EventRounds "11"]
[EventCountry "USA"]
[SourceTitle "EXT 2024"]
[Source "ChessBase"]
[SourceDate "2023.10.10"]
[SourceVersion "1"]
[SourceVersionDate "2023.10.10"]
[SourceQuality "1"]

1. e4 c5 2. Nf3 d6 3. c3 Nf6 4. Bd3 Bg4 5. Bc2 Nc6 6. 0-0 e5 7. h3 Bxf3 8. Qxf3 Be7 9. Na3 0-0 10. Nc4 d5 11. exd5 Qxd5 12. Qxd5 Nxd5 13. Be4 Rad8 14. d3 f5 15. Bxd5+ Rxd5 16. Re1 Rxd3 17. Be3 b6 18. f4 e4 19. Rad1 Rfd8 20. Rxd3 Rxd3 21. Kf2 Bh4+ 22. g3 Bf6 23. Ke2 Kf7 24. Bf2 Ke6 25. Be3 g6 26. Bc1 Rxg3 27. Rd1 Rxh3 28. Rd6+ Ke7 29. Rxc6 h6 30. Rc7+ Ke6 31. Rc6+ Ke7 32. Be3 g5 33. Rc7+ Ke6 34. Rxa7 Rh2+ 35. Kd1 g4 36. Rb7 h5 37. Rxb6+ Ke7 38. Bxc5+ Kf7 39. Nd6+ Ke6 40. Nxe4+ Kd5 41. Nxf6+ Kxc5 42. Nd7+ Kd5 43. b3 g3 44. Nf6+ Kc5 45. Nd7+ Kd5 46. c4+ Kd4 47. Rd6+ Kc3 48. Ke1 h4 49. c5 Rxa2 50. c6 g2 51. Rd1 0-1

[Event "Titled Tuesday intern op 14th Dec"]
[Site "Chess.com INT"]
[Date "2021.12.14"]
[Round "3"]
[White "Winslow, Elliott C"]
[Black "Sevgi, Volkan"]
[Result "0-1"]
[WhiteElo "2120"]
[BlackElo "2344"]
[PlyCount "80"]
[EventDate "2021.12.14"]
[EventType "swiss (blitz)"]
[EventRounds "11"]
[EventCountry "USA"]
[SourceTitle "EXT 2023"]
[Source "ChessBase"]
[SourceDate "2022.10.05"]
[SourceVersion "1"]
[SourceVersionDate "2022.10.05"]
[SourceQuality "1"]

1. e4 c6 2. d4 d5 3. exd5 cxd5 4. c4 Nf6 5. Nc3 Nc6 6. Nf3 Be6 7. c5 g6 8. Bb5 Bg7 9. 0-0 0-0 10. Bf4 Bg4 11. Bxc6 bxc6 12. h3 Bxf3 13. Qxf3 Nd7 14. Rad1 e5 15. dxe5 Nxe5 16. Qg3 Re8 17. Ne4 Nc4 18. Nd6 Nxd6 19. cxd6 Bxb2 20. Rd2 Bf6 21. Rc1 Qd7 22. Rdc2 Rac8 23. h4 h5 24. Qa3 Re4 25. Bg3 Bxh4 26. f3 Rd4 27. Be5 Rc4 28. Rxc4 dxc4 29. Rxc4 Bd8 30. Bb2 Bb6+ 31. Kf1 Kh7 32. Qc3 f5 33. Qf6 Bd8 34. Qe5 Bg5 35. Qd4 Re8 36. Ra4 Be3 37. Qd3 c5 38. Qd5 Qb5+ 39. Rc4 Qxb2 40. d7 Qf2# 0-1

[Event "Titled Tuesday intern op 07th Dec"]
[Site "Chess.com INT"]
[Date "2021.12.07"]
[Round "1"]
[White "Goryachkina, Aleksandra"]
[Black "Winslow, Elliott C"]
[Result "1-0"]
[WhiteElo "2610"]
[BlackElo "2120"]
[PlyCount "87"]
[EventDate "2021.12.07"]
[EventType "swiss (blitz)"]
[EventRounds "11"]
[EventCountry "USA"]
[SourceTitle "CBM 205 Extra"]
[Source "ChessBase"]
[SourceDate "2022.01.31"]
[SourceVersion "1"]
[SourceVersionDate "2022.01.31"]
[SourceQuality "1"]

1. e4 c5 2. Nf3 d6 3. Bb5+ Bd7 4. Bxd7+ Qxd7 5. 0-0 Nc6 6. c3 d5 7. exd5 Qxd5 8. Na3 Nf6 9. Nb5 Qd7 10. d4 e6 11. dxc5 Bxc5 12. Qxd7+ Kxd7 13. Rd1+ Ke7 14. Be3 Bxe3 15. fxe3 Rad8 16. Kf2 e5 17. Ke2 a6 18. Na3 b5 19. Nc2 Rxd1 20. Rxd1 Rb8 21. Nb4 Nxb4 22. cxb4 Ke6 23. Rc1 Rb6 24. Ng5+ Kf5 25. Nxf7 Nd5 26. Rc5 Nxb4 27. Nxe5 Ke6 28. a3 Nd5 29. Nd3 a5 30. e4 Nf6 31. Ke3 Ng4+ 32. Kf4 Nxh2 33. Rh5 Nf1 34. Rxh7 Kf7 35. Rh5 Rd6 36. Ne5+ Ke7 37. Nf3 Nd2 38. Re5+ Kd7 39. Nxd2 Rxd2 40. Rd5+ Rxd5 41. exd5 Kd6 42. Ke4 a4 43. Kd4 g6 44. g3 1-0

[Event "Titled Tuesday intern op 14th Sept"]
[Site "Chess.com INT"]
[Date "2021.09.14"]
[Round "3"]
[White "Winslow, Elliott C"]
[Black "Seemann, Jakub"]
[Result "0-1"]
[WhiteElo "2165"]
[BlackElo "2294"]
[PlyCount "72"]
[EventDate "2021.09.14"]
[EventType "swiss (blitz)"]
[EventRounds "11"]
[EventCountry "USA"]
[SourceTitle "EXT 2022"]
[Source "ChessBase"]
[SourceDate "2021.10.06"]
[SourceVersion "1"]
[SourceVersionDate "2021.10.06"]
[SourceQuality "1"]

1. e4 e6 2. d4 d5 3. Nd2 dxe4 4. Nxe4 Bd7 5. Nf3 Bc6 6. Bd3 Nd7 7. c3 Ngf6 8. Nxf6+ Nxf6 9. Bg5 Be7 10. Qe2 0-0 11. h4 a5 12. Rd1 a4 13. c4 a3 14. b3 h6 15. Ne5 Bb4+ 16. Kf1 Be7 17. Nxc6 bxc6 18. Bf4 Bd6 19. Be3 Re8 20. g4 e5 21. d5 cxd5 22. g5 e4 23. Bc2 Nh7 24. Rxd5 Qe7 25. gxh6 g6 26. h5 g5 27. Qg4 f6 28. Rd4 Be5 29. Rxe4 Rad8 30. Kg2 Qf7 31. Qf5 Nf8 32. Bc5 Ne6 33. Rxe5 Nf4+ 34. Kf3 Rxe5 35. h7+ Kh8 36. Qg4 Rxc5 0-1

[Event "Titled Tuesday intern op 15th June"]
[Site "Chess.com INT"]
[Date "2021.06.15"]
[Round "1"]
[White "Solovchuk, Alexey"]
[Black "Winslow, Elliott C"]
[Result "1-0"]
[WhiteElo "2321"]
[BlackElo "2150"]
[PlyCount "77"]
[EventDate "2021.06.15"]
[EventType "swiss (blitz)"]
[EventRounds "11"]
[EventCountry "USA"]
[SourceTitle "CBM 203 Extra"]
[Source "ChessBase"]
[SourceDate "2021.09.30"]
[SourceVersion "1"]
[SourceVersionDate "2021.09.30"]
[SourceQuality "1"]

1. e4 c5 2. Nc3 g6 3. g3 Bg7 4. Bg2 Nc6 5. Nge2 d6 6. 0-0 e5 7. Nd5 Nge7 8. c3 Nxd5 9. exd5 Ne7 10. d4 exd4 11. cxd4 c4 12. Qa4+ Bd7 13. Qxc4 0-0 14. Qb3 b5 15. Bf4 Nf5 16. Rfd1 Qb6 17. a4 bxa4 18. Qxb6 axb6 19. g4 Nh4 20. h3 Rfe8 21. Nc3 b5 22. Bxd6 h5 23. f3 hxg4 24. hxg4 f5 25. g5 Re3 26. f4 Rg3 27. Rd2 Nxg2 28. Rxg2 Bxd4+ 29. Kh2 Re3 30. Rd2 Bxc3 31. bxc3 Rxc3 32. Be5 Rb3 33. Kg2 Kf7 34. Rh1 Ke7 35. Rh7+ Kd8 36. Rc2 Rc8 37. Bf6+ Ke8 38. Re2+ Kf8 39. Rh8+ 1-0

[Event "Titled Tuesday intern op 20th Apr"]
[Site "Chess.com INT"]
[Date "2021.04.20"]
[Round "1"]
[White "Winslow, Elliott C"]
[Black "Papasimakopoulos, Alexandros"]
[Result "0-1"]
[WhiteElo "2150"]
[BlackElo "2251"]
[PlyCount "140"]
[EventDate "2021.04.20"]
[EventType "swiss (blitz)"]
[EventRounds "11"]
[EventCountry "USA"]
[SourceTitle "CBM 202 Extra"]
[Source "ChessBase"]
[SourceDate "2021.07.31"]
[SourceVersion "1"]
[SourceVersionDate "2021.07.31"]
[SourceQuality "1"]

1. e4 e6 2. d4 d5 3. Nd2 Nf6 4. e5 Nfd7 5. Bd3 c5 6. c3 Nc6 7. Ne2 cxd4 8. cxd4 f6 9. exf6 Nxf6 10. 0-0 Bd6 11. Nf3 Qc7 12. h3 0-0 13. Be3 Bd7 14. Re1 Be8 15. Ng5 Bf7 16. Rc1 h6 17. Nxf7 Qxf7 18. a3 e5 19. dxe5 Bxe5 20. Qc2 Rac8 21. b4 Nxb4 22. Qxc8 Nxd3 23. Qf5 Nxc1 24. Nxc1 Bd6 25. Bxa7 Bxa3 26. Nd3 Bd6 27. Bd4 Re8 28. Bxf6 Rxe1+ 29. Nxe1 gxf6 30. Nc2 Be5 31. Ne3 d4 32. Ng4 Kg7 33. Nxe5 fxe5 34. Qxe5+ Qf6 35. Qc7+ Kg6 36. Qxb7 Qf4 37. g3 Qe5 38. Kf1 Qc5 39. Qe4+ Kf6 40. Qd3 Qd5 41. Ke2 Qe6+ 42. Kd2 Qa2+ 43. Ke1 Qa1+ 44. Ke2 Ke5 45. Qb5+ Kd6 46. Qd3 Qb2+ 47. Kf3 Qb7+ 48. Kf4 Qf7+ 49. Ke4 Qd5+ 50. Kf4 Qe5+ 51. Kf3 Qd5+ 52. Kf4 Kc5 53. g4 Qd6+ 54. Kf3 Qd5+ 55. Kf4 Qc4 56. Qf5+ Kb4 57. Qb1+ Qb3 58. Qe4 Kc3 59. Ke5 Qb5+ 60. Kf4 Qg5+ 61. Kf3 Qf6+ 62. Ke2 Qa6+ 63. Kf3 d3 64. h4 Qf6+ 65. Ke3 Qb6+ 66. Kf3 d2 67. Qe5+ Qd4 68. Qa5+ Kc2 69. Qa2+ Qb2 70. Qc4+ Qc3+ 0-1

[Event "Titled Tuesday intern op 30th Mar"]
[Site "Chess.com INT"]
[Date "2021.03.30"]
[Round "9"]
[White "Kozelov, Roman"]
[Black "Winslow, Elliott C"]
[Result "0-1"]
[WhiteElo "2120"]
[BlackElo "2150"]
[PlyCount "84"]
[EventDate "2021.03.30"]
[EventType "swiss (blitz)"]
[EventRounds "11"]
[EventCountry "USA"]
[SourceTitle "CBM 201 Extra"]
[Source "ChessBase"]
[SourceDate "2021.05.31"]
[SourceVersion "1"]
[SourceVersionDate "2021.05.31"]
[SourceQuality "1"]

1. e4 c5 2. Nf3 d6 3. Bb5+ Nd7 4. a4 Ngf6 5. Nc3 e6 6. d4 cxd4 7. Nxd4 Be7 8. 0-0 0-0 9. Be3 Nc5 10. f3 a6 11. Be2 Qc7 12. a5 e5 13. Nf5 Be6 14. Nxe7+ Qxe7 15. Nd5 Bxd5 16. exd5 Rac8 17. b4 Ncd7 18. c4 e4 19. f4 g6 20. Qd4 h5 21. h3 Kh7 22. Rac1 Ne8 23. c5 f5 24. c6 Ndf6 25. Rfd1 Rb8 26. Qb6 Nc7 27. cxb7 Ncxd5 28. Qxa6 Nxe3 29. Rxd6 Rxb7 30. Rcc6 Ned5 31. Re6 Qxb4 32. Rxf6 Nxf6 33. Rxf6 Qd4+ 34. Kh2 Rxf6 35. Qxb7+ Kh6 36. a6 Qd6 37. g3 h4 38. Qc8 hxg3+ 39. Kxg3 Qa3+ 40. Kh4 Rf8 41. Qe6 Qa5 42. Qe7 Qe1# 0-1

[Event "Titled Tuesday intern op 30th Mar"]
[Site "Chess.com INT"]
[Date "2021.03.30"]
[Round "1"]
[White "Obregon Rivero, Juan Carlos"]
[Black "Winslow, Elliott C"]
[Result "1/2-1/2"]
[WhiteElo "2520"]
[BlackElo "2150"]
[PlyCount "125"]
[EventDate "2021.03.30"]
[EventType "swiss (blitz)"]
[EventRounds "11"]
[EventCountry "USA"]
[SourceTitle "CBM 201 Extra"]
[Source "ChessBase"]
[SourceDate "2021.05.31"]
[SourceVersion "1"]
[SourceVersionDate "2021.05.31"]
[SourceQuality "1"]

1. Nf3 d5 2. g3 Nf6 3. Bg2 g6 4. c4 c6 5. 0-0 Bg7 6. d4 0-0 7. Qa4 dxc4 8. Qxc4 Nbd7 9. Qc2 Re8 10. e4 e5 11. dxe5 Nxe5 12. Nxe5 Rxe5 13. Nc3 Re8 14. h3 Be6 15. Be3 Qa5 16. f4 Qh5 17. f5 gxf5 18. exf5 Bc4 19. Rfe1 Nd5 20. Nxd5 Bxd5 21. g4 Qh4 22. Bf2 Qf6 23. Bxd5 cxd5 24. b3 d4 25. Qd3 Qb6 26. Rxe8+ Rxe8 27. Re1 Rxe1+ 28. Bxe1 Qc5 29. a4 h6 30. Kg2 Qc1 31. Bf2 Qf4 32. Qf3 Qd2 33. Qxb7 d3 34. Qc8+ Kh7 35. Qd7 Qe2 36. f6 Bxf6 37. Qxf7+ Bg7 38. Qf5+ Kg8 39. Qd5+ Kh7 40. Qf5+ Kg8 41. Qf3 Qc2 42. Qa8+ Kh7 43. Qe4+ Kg8 44. Kf3 Bc3 45. Qe8+ Kg7 46. Qe7+ Kg8 47. Qe6+ Kg7 48. Qd7+ Kg8 49. Qd8+ Kg7 50. Bd4+ Bxd4 51. Qxd4+ Kg6 52. Qe4+ Kg7 53. Qe7+ Kg6 54. Qd6+ Kg7 55. Qd7+ Kg6 56. Qf5+ Kg7 57. Qe5+ Kg6 58. Qd6+ Kg7 59. Qd7+ Kg6 60. Qe8+ Kg7 61. Qe5+ Kg6 62. Qf5+ Kg7 63. Qd7+ 1/2-1/2

[Event "Titled Tuesday intern op 30th Mar"]
[Site "Chess.com INT"]
[Date "2021.03.30"]
[Round "3"]
[White "Winslow, Elliott C"]
[Black "Polok, Kacper"]
[Result "1/2-1/2"]
[WhiteElo "2150"]
[BlackElo "2272"]
[PlyCount "95"]
[EventDate "2021.03.30"]
[EventType "swiss (blitz)"]
[EventRounds "11"]
[EventCountry "USA"]
[SourceTitle "CBM 201 Extra"]
[Source "ChessBase"]
[SourceDate "2021.05.31"]
[SourceVersion "1"]
[SourceVersionDate "2021.05.31"]
[SourceQuality "1"]

1. e4 c5 2. Nf3 Nc6 3. d4 cxd4 4. Nxd4 e5 5. Nb5 d6 6. N1c3 a6 7. Na3 b5 8. Nd5 Nge7 9. c4 Nd4 10. Bd3 Nxd5 11. cxd5 Be7 12. 0-0 0-0 13. Nc2 Nxc2 14. Qxc2 Bd7 15. b4 Rc8 16. Qe2 f5 17. exf5 Bxf5 18. Bxf5 Rxf5 19. a4 Rc4 20. Bd2 Bg5 21. axb5 axb5 22. Bxg5 Qxg5 23. Ra8+ Rf8 24. Rxf8+ Kxf8 25. Ra1 Rc1+ 26. Rxc1 Qxc1+ 27. Qf1 Qxf1+ 28. Kxf1 Kf7 29. Ke2 Kf6 30. Kf3 Kf5 31. g4+ Kg5 32. Kg3 h5 33. h4+ Kg6 34. f4 exf4+ 35. Kxf4 hxg4 36. Kxg4 Kf6 37. Kf4 g6 38. Ke4 g5 39. h5 g4 40. Kf4 g3 41. Kxg3 Kg5 42. h6 Kxh6 43. Kh4 Kg6 44. Kg4 Kf6 45. Kf4 Kg6 46. Kg4 Kf6 47. Kf4 Kg6 48. Kg4 1/2-1/2

[Event "Titled Tuesday intern op 23rd Mar"]
[Site "Chess.com INT"]
[Date "2021.03.23"]
[Round "1"]
[White "Winslow, Elliott C"]
[Black "Harshavardhan, GB."]
[Result "0-1"]
[WhiteElo "2150"]
[BlackElo "2397"]
[PlyCount "114"]
[EventDate "2021.03.23"]
[EventType "swiss (blitz)"]
[EventRounds "11"]
[EventCountry "USA"]
[SourceTitle "CBM 201 Extra"]
[Source "ChessBase"]
[SourceDate "2021.05.31"]
[SourceVersion "1"]
[SourceVersionDate "2021.05.31"]
[SourceQuality "1"]

1. e4 e5 2. Nf3 Nc6 3. Bb5 a6 4. Ba4 d6 5. Bxc6+ bxc6 6. d4 exd4 7. Nxd4 c5 8. Ne2 Nf6 9. Nbc3 g6 10. f3 Bg7 11. Bg5 h6 12. Be3 0-0 13. Qd2 Kh7 14. 0-0-0 Qe8 15. g4 Be6 16. h4 Rb8 17. b3 c4 18. h5 g5 19. Nd4 cxb3 20. cxb3 Nd7 21. Nf5 Ne5 22. Rhf1 Bf6 23. Bd4 Bxf5 24. exf5 c5 25. Bg1 c4 26. Qxd6 Bh8 27. b4 Nd3+ 28. Rxd3 cxd3 29. f6 Qd8 30. Qxd8 Rfxd8 31. a3 Bxf6 32. Kd2 Be5 33. Be3 Rbc8 34. Rc1 Bxc3+ 35. Rxc3 Rxc3 36. Kxc3 Kg7 37. a4 f5 38. b5 axb5 39. axb5 Kf6 40. b6 Ke6 41. b7 Rb8 42. Kxd3 Rxb7 43. Bd4 fxg4 44. fxg4 Kd5 45. Bf6 Rf7 46. Bb2 Rf3+ 47. Ke2 Rf7 48. Ke3 Re7+ 49. Kf3 Rd7 50. Bc3 Rc7 51. Bb2 Rb7 52. Bh8 Rb3+ 53. Kf2 Ke4 54. Bg7 Kf4 55. Bxh6 Kxg4 56. Bg7 Kxh5 57. Kg2 Kg4 0-1

[Event "Titled Tuesday intern op 23rd Mar"]
[Site "Chess.com INT"]
[Date "2021.03.23"]
[Round "4"]
[White "Winslow, Elliott C"]
[Black "Ortez, Andrea"]
[Result "1-0"]
[WhiteElo "2150"]
[BlackElo "1969"]
[PlyCount "39"]
[EventDate "2021.03.23"]
[EventType "swiss (blitz)"]
[EventRounds "11"]
[EventCountry "USA"]
[SourceTitle "CBM 201 Extra"]
[Source "ChessBase"]
[SourceDate "2021.05.31"]
[SourceVersion "1"]
[SourceVersionDate "2021.05.31"]
[SourceQuality "1"]

1. e4 c5 2. Nf3 Nc6 3. d4 cxd4 4. Nxd4 g6 5. Nc3 Bg7 6. Be3 Nf6 7. Bc4 0-0 8. Bb3 d6 9. f3 Bd7 10. Qd2 Nxd4 11. Bxd4 b5 12. h4 a5 13. a4 bxa4 14. Nxa4 Nh5 15. Bxg7 Nxg7 16. h5 Nxh5 17. Qh6 Bxa4 18. Rxa4 e6 19. g4 Qf6 20. Kf2 1-0

[Event "Titled Tuesday intern op 23rd Mar"]
[Site "Chess.com INT"]
[Date "2021.03.23"]
[Round "2"]
[White "Winslow, Elliott C"]
[Black "Sharapov, Evgeny"]
[Result "1/2-1/2"]
[WhiteElo "2150"]
[BlackElo "2380"]
[PlyCount "111"]
[EventDate "2021.03.23"]
[EventType "swiss (blitz)"]
[EventRounds "11"]
[EventCountry "USA"]
[SourceTitle "CBM 201 Extra"]
[Source "ChessBase"]
[SourceDate "2021.05.31"]
[SourceVersion "1"]
[SourceVersionDate "2021.05.31"]
[SourceQuality "1"]

1. e4 c5 2. Nf3 d6 3. d4 cxd4 4. Nxd4 Nf6 5. Nc3 Nc6 6. Bg5 Qb6 7. Nb3 e6 8. Be3 Qc7 9. f3 Be7 10. Qd2 0-0 11. 0-0-0 Rd8 12. g4 d5 13. g5 dxe4 14. Qf2 Rxd1+ 15. Kxd1 Nd5 16. Nxe4 Nxe3+ 17. Qxe3 e5 18. Bd3 Be6 19. c3 Rd8 20. Ke2 Na5 21. Nxa5 Qxa5 22. a3 Qb6 23. Qxb6 axb6 24. h4 f5 25. gxf6 gxf6 26. h5 Kf7 27. Rg1 Rg8 28. Rxg8 Kxg8 29. Ng3 Bf8 30. Bf5 Bxf5 31. Nxf5 Kf7 32. Kd3 Ke6 33. Ke4 b5 34. f4 exf4 35. Kxf4 Kd5 36. Ne3+ Ke6 37. Ke4 Bh6 38. Nf5 Bc1 39. b4 Bxa3 40. Nd4+ Kf7 41. Nxb5 Bb2 42. c4 Kg7 43. Nd6 b6 44. Nf5+ Kf7 45. c5 bxc5 46. bxc5 Ke6 47. c6 Be5 48. Nd4+ Kd6 49. Nf3 Bc3 50. Kf5 Kxc6 51. Nh2 Kd6 52. Ng4 Ke7 53. h6 Kf7 54. Nxf6 Bxf6 55. Kg4 Kg6 56. Kh3 1/2-1/2

[Event "Titled Tuesday intern op 09th Mar"]
[Site "Chess.com INT"]
[Date "2021.03.09"]
[Round "8"]
[White "Bouchet, Sebastien"]
[Black "Winslow, Elliott C"]
[Result "1-0"]
[WhiteElo "2180"]
[BlackElo "2150"]
[PlyCount "61"]
[EventDate "2021.03.09"]
[EventType "swiss (blitz)"]
[EventRounds "11"]
[EventCountry "USA"]
[SourceTitle "CBM 201 Extra"]
[Source "ChessBase"]
[SourceDate "2021.05.31"]
[SourceVersion "1"]
[SourceVersionDate "2021.05.31"]
[SourceQuality "1"]

1. e4 c5 2. c3 Nf6 3. e5 Nd5 4. d4 cxd4 5. Nf3 d6 6. Bc4 dxe5 7. Nxe5 e6 8. 0-0 Nc6 9. Nxc6 bxc6 10. Qxd4 c5 11. Qg4 h5 12. Qf3 Bb7 13. Bb5+ Ke7 14. c4 Qb6 15. cxd5 Qxb5 16. Nc3 Qb6 17. Re1 Re8 18. Na4 Qd6 19. Nxc5 Bxd5 20. Qa3 Kd8 21. Be3 Qc7 22. Rac1 Qb8 23. Red1 Bd6 24. Qa5+ Ke7 25. Na6 Qb7 26. Nc7 Bxg2 27. Nxe8 Rxe8 28. Qg5+ Kf8 29. Qxg2 Qxb2 30. Rxd6 Qxa2 31. Rdc6 1-0